| 000 | 00338nam a22001457a 4500 | ||
|---|---|---|---|
| 082 | _a330HIC | ||
| 100 | _aHicks, J.R. | ||
| 245 | _aEssays in world economics | ||
| 260 |
_aLondon _bOxford _c1959 |
||
| 300 |
_axv,274 _bill,25cm |
||
| 500 | _aIncludes Index | ||
| 650 | _aEssays in world economics | ||
| 700 | _aHicks, J.R. | ||
| 942 | _cBK | ||
| 999 |
_c14343 _d14343 |
||